Google Maps Cities - Poland - Statistics

General Stats
  • This quiz has been taken 62 times
    57 since last reset
  • The average score is 14 of 16
Answer Stats
City % Correct
Warsaw
100%
Krakow
96%
Gdansk
93%
Lodz
93%
Szczecin
93%
Wroclaw
93%
Lublin
91%
Katowice
89%
Bialystok
87%
Bydgoszcz
87%
Poznan
87%
Czestochowa
82%
Gdynia
80%
Rzeszow
78%
Kielce
73%
Olsztyn
71%
No matching quizzes found
Score Distribution
Percent of People with Each Score
Percentile by Number Answered
Your Score History
You have not taken this quiz since the last reset